1626 1670 1090 1418 1815 1937 1372 1341 1923 1221 2000 1118 1059 1694 1277 1521 1466 1793 1364 1245 1171 1125 1923 1951 1752 1192 1628 1317 1075 1995 1118 1254 1707 1140 1257 1251 1567 1973 1844 1334 1094 1347 1837 1409 1675 1263 1920 1377 1565 1697 1903 1250 1324 1959 1146 1764 1820 1963 1776 1568 1775 1244 1349 1320 1138 1737 1966 1510 1209 1458 1762 1596 1333 1236 1930 1560 1636 1398 1425 1900 1736 1604 1622 1992 1583 1187 1672 1926 1342 1114 1966 1976 1478 1586 1091 1467 1120 1528 1185 BCNSPRNW ULIB Ver.6.0+V

เปลี่ยนเป็นภาษาไทย

Change to English
 แสดงรายละเอียดบรรณานุกรม
  กลับหน้าหลัก

Brief Record : Get Marc (ISO 2709) : E-mail record : QR code < ปิดหน้าต่าง
LEADER : 00000nam 2200000uu 4500
001    13399111842
003     ULIB
008    110627s2543||||th 000 0 tha d
099    วจ.WT120^bก384ค
100 0  กัญญา ชื่นอารมณ์
245 00 ความสัมพันธ์ระหว่างปัจจัยพื้นฐานกับพฤติกรรมส่งเสริมสุขภาพของผู้สูงอายุ จังหวัดลำปาง/^cกัญญา ชื่นอารมณ์
260    ลำปาง :^bวิทยาลัยพยาบาล บรมราชชนนี ลำปาง,^c2543
300    92 หน้า
650  7 การส่งเสริมสุขภาพผู้สูงอายุ^xวิจัย
650  7 ผู้สูงอายุ^xสุขภาพ^xวิจัย
945    ^p0^l0^i012807
995    ทศพร
999 ^a ใช้งานได้ทุกระบบ
รายการนี้ยังไม่มีแท็ก
คุณยังไม่ได้ล็อกอิน คุณสามารถมีกิจกรรมร่วมกับเว็บไซต์ได้ แต่ต้องล็อกอินก่อน ::
  ล็อกอิน

รายการสื่อสารสนเทศ

ลำดับที่ ประเภท เลขเรียก/บาร์โค้ด สถานที่ สถานะ
- ไม่พบข้อมูล -

BibComment


ยังไม่เคยถูกคอมเมนท์

คอมเมนท์ทรัพยากรรายการนี้
  คอมเมนท์: ความสัมพันธ์ระหว่..


 Copyright 2026. Bcnsprnw @Library